Index to double taxation agreements.

Saved in:
Bibliographic Details
Main Author: Dibden, Ronald
Format: Book
Language:English
Published: [London : Butterworth, 1973].
Edition:5th ed.
Series:A Butterworth textbook
Subjects:
LEADER 01164cam a2200337 a 4500
001 c000295318
003 CARM
005 20100319155742.0
008 740529s1973 enk i 000 0 eng d
010 |a 74165775 
015 |a GB*** 
019 1 |a 327067  |5 LACONCORD2021 
020 |a 0406515042 
035 |a (OCoLC)934998  |5 LACONCORD2021 
040 |a DLC  |c DLC  |d DLC 
043 |a e-uk--- 
050 0 0 |a KD5380  |b .D53 1973 
082 0 4 |a 341.484 
100 1 |a Dibden, Ronald. 
245 1 0 |a Index to double taxation agreements. 
250 |a 5th ed. 
260 |a [London :  |b Butterworth,  |c 1973]. 
300 |a 19 p. ;  |c 25 cm. 
490 0 |a A Butterworth textbook 
500 |a Cover title. 
650 0 |a Double taxation  |z Great Britain  |x Treaties  |v Indexes. 
852 8 |b CARM  |h A3:AI03F0  |i C12465  |p 0551704  |f BK 
852 8 |b CARM  |h A1:AL27E0  |i C10611  |p 0465232  |f BK 
999 f f |i bd3c4849-82a6-5ced-9ef8-8fb52bf96fed  |s fa456369-edcb-521a-83b8-91ff09c5130e 
952 f f |p Can circulate  |a CAVAL  |b CAVAL  |c CAVAL  |d CARM 1 Store  |e C12465  |f A3:AI03F0  |h Other scheme  |i book  |m 0551704 
952 f f |p Can circulate  |a CAVAL  |b CAVAL  |c CAVAL  |d CARM 1 Store  |e C10611  |f A1:AL27E0  |h Other scheme  |i book  |m 0465232